00385nam a2200109Ia 4500008004100000100002300041245008200064245003800146260000900184650002000193856006200213160609s9999 xx 000 0 und d aHoulahan, Michael. aKodály Today: A Cognitive Approach To Elementary Music Education, 2 Edition cBy:Micheal Houlahan, Philip Tacka c2015 xMUSIC EDUCATION uhttp://file.ebook777.com/KodTodACogAppToEleMusEdu2Edi.pdf